Športové centrum

Guardado en:
Detalles Bibliográficos
Autor principal: Rusnák, Branislav (Autor)
Otros Autores: Bielek, Boris (Orientador)
Formato: Manuscrito Libro
Lenguaje:eslovaco
Publicado: 2025
Materias:
Acceso en línea:http://is.stuba.sk/zp/portal_zp.pl?podrobnosti=181985
CRZP
Etiquetas: Agregar Etiqueta
Sin Etiquetas, Sea el primero en etiquetar este registro!

MARC

LEADER 00000ntm a22000003a 4500
001 stuzp104500
003 SK-STU
005 20250731151009.1
007 ta
008 150427s2015----xo-----f-mn---000-0-slo-d
040 |a STU  |b slo 
041 0 |a slo 
100 1 |a Rusnák, Branislav  |u 010180  |4 aut  |U SvF Stavebná fakulta  |T SvF Katedra konštrukcií pozemných stavieb  |X 105624  |U V180  |Y 18  |7 105624 
242 0 1 |a Sports center  |y eng 
245 1 0 |a Športové centrum 
260 |c 2025 
650 4 |a Building Constructions  |2 eng 
650 4 |a Double-skin transparent facade  |2 eng 
650 4 |a Sports center  |2 eng 
650 4 |a Dvojitá transparentná fasáda  |2 slo 
650 4 |a Športové centrum  |2 slo 
650 4 |a Stavebné konštrukcie  |2 slo 
700 1 |a Bielek, Boris  |u 010180  |k Z1  |4 ths  |U SvF Stavebná fakulta  |T SvF Katedra konštrukcií pozemných stavieb  |X 4303  |U V180  |Y 18  |7 A000004303 
856 4 |u http://is.stuba.sk/zp/portal_zp.pl?podrobnosti=181985 
856 4 |u https://opac.crzp.sk/?fn=detailBiblioForm&sid=BBB70232DB8D19E5FF27BCDCF3EF  |z CRZP